|
|
|
|
| LEADER |
02094nam a22004455i 4500 |
| 001 |
978-3-531-93326-9 |
| 003 |
DE-He213 |
| 005 |
20151204150546.0 |
| 007 |
cr nn 008mamaa |
| 008 |
120204s2012 gw | s |||| 0|eng d |
| 020 |
|
|
|a 9783531933269
|9 978-3-531-93326-9
|
| 024 |
7 |
|
|a 10.1007/978-3-531-93326-9
|2 doi
|
| 040 |
|
|
|d GrThAP
|
| 050 |
|
4 |
|a HM24-37
|
| 072 |
|
7 |
|a JHB
|2 bicssc
|
| 072 |
|
7 |
|a SOC026000
|2 bisacsh
|
| 082 |
0 |
4 |
|a 306.42
|2 23
|
| 245 |
1 |
0 |
|a Transformations of Religiosity
|h [electronic resource] :
|b Religion and Religiosity in Eastern Europe 1989 – 2010 /
|c edited by Gert Pickel, Kornelia Sammet.
|
| 264 |
|
1 |
|a Wiesbaden :
|b VS Verlag für Sozialwissenschaften,
|c 2012.
|
| 300 |
|
|
|a 216 p. 14 illus.
|b online resource.
|
| 336 |
|
|
|a text
|b txt
|2 rdacontent
|
| 337 |
|
|
|a computer
|b c
|2 rdamedia
|
| 338 |
|
|
|a online resource
|b cr
|2 rdacarrier
|
| 347 |
|
|
|a text file
|b PDF
|2 rda
|
| 490 |
1 |
|
|a Veröffentlichungen der Sektion Religionssoziologie der Deutschen Gesellschaft für Soziologie
|
| 520 |
|
|
|a After the political transformation in Eastern Europe, one can now look on an other transformation in these countries – the transformation of religion. In some countries a revitalization of religion occurs, in other countries the continuity of a secularization process have to be noticed. The book deals with this contrast, including different, empirical based, views on the topic and different Eastern European countries.
|
| 650 |
|
0 |
|a Social sciences.
|
| 650 |
|
0 |
|a Sociology.
|
| 650 |
1 |
4 |
|a Social Sciences.
|
| 650 |
2 |
4 |
|a Knowledge - Discourse.
|
| 650 |
2 |
4 |
|a Sociology, general.
|
| 700 |
1 |
|
|a Pickel, Gert.
|e editor.
|
| 700 |
1 |
|
|a Sammet, Kornelia.
|e editor.
|
| 710 |
2 |
|
|a SpringerLink (Online service)
|
| 773 |
0 |
|
|t Springer eBooks
|
| 776 |
0 |
8 |
|i Printed edition:
|z 9783531175409
|
| 830 |
|
0 |
|a Veröffentlichungen der Sektion Religionssoziologie der Deutschen Gesellschaft für Soziologie
|
| 856 |
4 |
0 |
|u http://dx.doi.org/10.1007/978-3-531-93326-9
|z Full Text via HEAL-Link
|
| 912 |
|
|
|a ZDB-2-SHU
|
| 950 |
|
|
|a Humanities, Social Sciences and Law (Springer-11648)
|